La Teogonía
Uloženo v:
| Hlavní autor: | |
|---|---|
| Médium: | Kniha |
| Jazyk: | španělština |
| Vydáno: |
Barcelona
Edicomunicación S. A
1995
|
| Edice: | Clásicos Universales
|
| Témata: | |
| Tagy: |
Přidat tag
Žádné tagy, Buďte první, kdo vytvoří štítek k tomuto záznamu!
|
MARC
| LEADER | 00000cam a2200000 a 4500 | ||
|---|---|---|---|
| 001 | UCG9790 | ||
| 003 | CL-VaPUC | ||
| 008 | 120330e19950000SP |||||||||||||||||spa|d | ||
| 020 | |a 8476728190 | ||
| 082 | 0 | 4 | |a 880.9 |b HES |2 21 |
| 100 | 0 | |a Hesíodo |e author |9 334567 | |
| 245 | 1 | 3 | |a La Teogonía |
| 300 | |a 123 p | ||
| 942 | |c BK | ||
| 945 | |d 20120330 00:00:00 |a dcastane | ||
| 260 | |a Barcelona |b Edicomunicación S. A |c 1995 | ||
| 650 | 0 | |a Literatura griega clásica |9 435497 | |
| 650 | 0 | |a Crítica e interpretación |9 255042 | |
| 583 | |a last modification |c 20120330 10:33:00 |k Rodrigo Vera | ||
| 490 | 0 | |a Clásicos Universales | |
| 999 | |c 347333 |d 347331 | ||
| 952 | |0 0 |1 0 |4 0 |6 880_900000000000000_HES_1995 |7 0 |8 A |9 448591 |a BIBTEO |b BIBTEO |d 2019-11-22 |i 4794656 |o 880.9 HES 1995 |p 4794656 |r 2025-01-17 |w 2019-11-22 |y BK |k ICR | ||